Los derechos políticos en los inicios del liberalismo : (Record no. 110329)

MARC details
000 -LEADER
campo de control de longitud fija 01400cam a2200373Ia 4500
001 - NÚMERO DE CONTROL
campo de control 42191
005 - FECHA Y HORA DE LA ÚLTIMA TRANSACCIÓN
campo de control 20230411085956.0
008 - DATOS DE LONGITUD FIJA--INFORMACIÓN GENERAL
campo de control de longitud fija 011019s2000 sp b 000 0 spa d
035 ## - NÚMERO DE CONTROL DEL SISTEMA
Número de control de sistema (OCoLC)ocm48637032
040 ## - FUENTE DE CATALOGACIÓN
Centro catalogador/agencia de origen PL#
Centro/agencia transcriptor PL#
Centro/agencia modificador GZM
020 ## - NÚMERO INTERNACIONAL ESTÁNDAR DEL LIBRO
Número Internacional Estándar del Libro 847908569X (pbk.)
020 ## - NÚMERO INTERNACIONAL ESTÁNDAR DEL LIBRO
Número Internacional Estándar del Libro 9788479085698 (pbk.)
043 ## - CÓDIGO DE ÁREA GEOGRÁFICA
Código de área geográfica e-sp---
090 ## - LOCALMENTE ASIGNADO TIPO-LC NÚMERO DE CLASIFICACIÓN (OCLC); NÚMERO DE CLASIFICACIÓN LOCAL (RLIN)
Número de clasificación (OCLC) (R) ; Numero de clasificación, CALL (RLIN) (NR) P 337 d
049 ## - FONDOS LOCALES (OCLC)
Biblioteca depositaria GRAL
100 1# - ENTRADA PRINCIPAL--NOMBRE DE PERSONA
Nombre de persona Díaz Marín, Pedro,
Fechas asociadas al nombre 1953-
245 14 - MENCIÓN DEL TÍTULO
Título Los derechos políticos en los inicios del liberalismo :
Resto del título Alicante, 1834-1836 /
Mención de responsabilidad, etc. Pedro Dâiaz Marín.
246 30 - FORMA VARIANTE DEL TITULO
Título propio/Titulo breve Alicante, 1834-1836
260 ## - PUBLICACIÓN, DISTRIBUCIÓN, ETC.
Lugar de publicación, distribución, etc. [Alicante] :
Nombre del editor, distribuidor, etc. Universidad de Alicante,
Fecha de publicación, distribución, etc. c2000.
300 ## - DESCRIPCIÓN FÍSICA
Extensión 162 p. ;
Dimensiones 24 cm.
490 1# - MENCIÓN DE SERIE
Mención de serie Monografías / Publicaciones Universidad de Alicante
504 ## - NOTA DE BIBLIOGRAFÍA, ETC.
Nota de bibliografía, etc. Includes bibliographical references (p. 151-162).
650 #0 - PUNTO DE ACCESO ADICIONAL DE MATERIA--TÉRMINO DE MATERIA
Término de materia o nombre geográfico como elemento de entrada Liberalism
Subdivisión geográfica Spain
-- Alicante (Province)
Subdivisión general History
Subdivisión cronológica 19th century.
650 #0 - PUNTO DE ACCESO ADICIONAL DE MATERIA--TÉRMINO DE MATERIA
Término de materia o nombre geográfico como elemento de entrada Political rights
Subdivisión geográfica Spain
-- Alicante (Province)
Subdivisión general History
Subdivisión cronológica 19th century.
650 #0 - PUNTO DE ACCESO ADICIONAL DE MATERIA--TÉRMINO DE MATERIA
Término de materia o nombre geográfico como elemento de entrada Constitutional history
Subdivisión geográfica Spain
-- Alicante (Province)
651 #0 - PUNTO DE ACCESO ADICIONAL DE MATERIA--NOMBRE GEOGRÁFICO
Nombre geográfico Alicante (Spain : Province)
Subdivisión general History
Subdivisión cronológica 19th century.
653 ## - TÉRMINO DE INDIZACIÓN--NO CONTROLADO
Término no controlado Liberalismo
-- Alicante (Espaäna)
-- 1834-1836.
653 ## - TÉRMINO DE INDIZACIÓN--NO CONTROLADO
Término no controlado Derechos polâiticos
-- Alicante (Espaäna)
-- 1834-1836.
653 ## - TÉRMINO DE INDIZACIÓN--NO CONTROLADO
Término no controlado Alicante (Espaäna)
-- Historia
-- 1834-1836.
830 #0 - PUNTO DE ACCESO ADICIONAL DE SERIE-TÍTULO UNIFORME
Título uniforme MG (Universidad de Alicante)
942 ## - ELEMENTOS DE ENTRADA SECUNDARIOS (KOHA)
Fuente del sistema de clasificación o colocación Clasificación de Library of Congress
Tipo de ítem Koha
946 ## - PROCESAMIENTO DE INFORMACIÓN LOCAL (OCLC)
a cjpeguero
994 ## -
-- C0
-- DRFGD
Holdings
Estatus retirado Estado de pérdida Fuente del sistema de clasificación o colocación Estado de daño No para préstamo Colección Biblioteca de origen Biblioteca actual Ubicación en estantería Fecha de adquisición Código de barras Visto por última vez Copia número Tipo de ítem Koha
    Clasificación de Library of Congress     Automatización y Procesos Técnicos Biblioteca Juan Bosch Biblioteca Juan Bosch Automatización y Procesos Técnicos (1er. Piso) 11/04/2023 00000043349 17/02/2019 1